| 000 | 01058nam a22003377a 4500 | ||
|---|---|---|---|
| 001 | BR7000447 | ||
| 003 | BR-BrBNA | ||
| 005 | 20230928083605.0 | ||
| 007 | ta | ||
| 008 | 230509b bl.||||| |||| 00| 0 por d | ||
| 040 |
_aBR-BrBNA _bpor _cBiblioteca Nacional de Agricultura |
||
| 041 | _a(Eng, Fre, Por) | ||
| 072 |
_aE30 _b/G514 |
||
| 090 | _ E30 BR7000447 | ||
| 110 | 1 | _aSuperintendencia do Desenvolvimento da Amazonia, Belem, PA (Brasil) | |
| 245 | 1 | _aA Amazonia e o novo Brasil. Amazonia is the new Brazil. l'amazonie est le nouveau Bresil [Desenvolvimento economonico; Amazonia; Brasil] | |
| 260 | 3 |
_aBelem, PA (Brasil): _c[nd]. |
|
| 300 | _a142 p. | ||
| 500 | _a86 illus.; 4 graphs.; Published after 1970 | ||
| 650 | _aPolitica de desenvolvimento | ||
| 650 | _aDesenvolvimento economico | ||
| 650 | _aDesenvolvimento rural | ||
| 650 | _aColonizacao | ||
| 650 | _aTransporte | ||
| 650 | _aSaneamento rural | ||
| 650 | _aSaude | ||
| 650 | _aPesquisa | ||
| 650 | _aAmazonia | ||
| 909 |
_a202309 _bLucia _c55 _dLucia Elande |
||
| 942 | _cBK | ||
| 999 |
_c14345 _d14345 |
||